000 00406nam a2200145Ia 4500
008 090124s9999 xx 000 0 und d
082 _b206370
245 _a बात बोलेगी
250 _a2
260 _bसिंह शमशेर बहाद्दुर
_c2003
300 _a120
630 _a बात बोलेगी
730 _a बात बोलेगी
942 _cBOOK
999 _c187967
_d187967